[Event "Chennai op 9th"]
[Site "Chennai"]
[Date "2017.01.24"]
[Round "9"]
[White "Srihari, LR."]
[Black "Ganesh, R."]
[Result "1/2-1/2"]
[WhiteElo "1879"]
[BlackElo "2085"]
[PlyCount "48"]
[EventDate "2017.01.18"]
[EventType "swiss"]
[EventRounds "10"]
[EventCountry "IND"]
[SourceTitle "CBM 176 Extra"]
[Source "ChessBase"]
[SourceDate "2017.03.02"]
[SourceVersion "1"]
[SourceVersionDate "2017.03.02"]
[SourceQuality "1"]

1. d4 Nf6 2. c4 e6 3. Nf3 b6 4. g3 Bb7 5. Bg2 Be7 6. 0-0 0-0 7. Qc2 c5 8. Rd1 cxd4 9. Nxd4 Bxg2 10. Kxg2 Qc8 11. b3 d5 12. Nd2 Nc6 13. Bb2 Qb7 14. cxd5 Nb4 15. Qc3 Rac8 16. Qf3 Qxd5 17. Nc4 Rfd8 18. Ne3 Qxf3+ 19. Kxf3 Kf8 20. a3 Nc6 21. Nxc6 Rxc6 22. Rxd8+ Bxd8 23. Rc1 Rxc1 24. Bxc1 Bc7 1/2-1/2

[Event "Chennai op 9th"]
[Site "Chennai"]
[Date "2017.01.23"]
[Round "8"]
[White "Ganesh, R."]
[Black "Venkatesh, Marani Rajendran"]
[Result "0-1"]
[WhiteElo "2085"]
[BlackElo "2439"]
[PlyCount "92"]
[EventDate "2017.01.18"]
[EventType "swiss"]
[EventRounds "10"]
[EventCountry "IND"]
[SourceTitle "CBM 176 Extra"]
[Source "ChessBase"]
[SourceDate "2017.03.02"]
[SourceVersion "1"]
[SourceVersionDate "2017.03.02"]
[SourceQuality "1"]

1. d4 Nf6 2. c4 g6 3. Nc3 Bg7 4. e4 d6 5. Nf3 0-0 6. Be2 Bg4 7. Be3 Nfd7 8. Qd2 c5 9. d5 Na6 10. Bh6 Nc7 11. h3 Bxf3 12. Bxf3 Ne5 13. Be2 e6 14. Bxg7 Kxg7 15. h4 exd5 16. exd5 f5 17. f4 Nf7 18. h5 g5 19. h6+ Kh8 20. 0-0-0 gxf4 21. Rh5 Ne5 22. Qxf4 Ng6 23. Qd2 Qd7 24. Rf1 Rf7 25. Bd3 Raf8 26. Qc2 Ne5 27. Kb1 f4 28. Ne4 Qg4 29. Rfh1 f3 30. gxf3 Qxf3 31. Be2 Qg2 32. a3 Ne8 33. R1h2 Qg1+ 34. Ka2 Re7 35. Qc3 Qd4 36. Ng5 Qxc3 37. bxc3 Nc7 38. Ne4 Nf7 39. Bd3 Ne5 40. Be2 Ng6 41. Ng3 Ne8 42. Bd1 Re3 43. Ne2 Ne5 44. Kb3 Nf3 45. R2h3 Nf6 46. Rf5 Nd2+ 0-1

[Event "Chennai op 9th"]
[Site "Chennai"]
[Date "2017.01.22"]
[Round "6"]
[White "Ganesh, R."]
[Black "Saravana, Krishnan P"]
[Result "0-1"]
[WhiteElo "2085"]
[BlackElo "2282"]
[PlyCount "62"]
[EventDate "2017.01.18"]
[EventType "swiss"]
[EventRounds "10"]
[EventCountry "IND"]
[SourceTitle "CBM 176 Extra"]
[Source "ChessBase"]
[SourceDate "2017.03.02"]
[SourceVersion "1"]
[SourceVersionDate "2017.03.02"]
[SourceQuality "1"]

1. d4 Nf6 2. c4 Nc6 3. Nf3 e6 4. a3 d6 5. Nc3 g6 6. e4 Bg7 7. Be2 0-0 8. 0-0 Re8 9. b4 e5 10. d5 Nd4 11. Be3 Nxe2+ 12. Qxe2 Nh5 13. Rfc1 Bg4 14. h3 Bd7 15. c5 Nf4 16. Qf1 f5 17. cxd6 cxd6 18. Ra2 a6 19. Qd1 Rc8 20. Kh2 g5 21. Ng1 g4 22. g3 Nxh3 23. Nxh3 gxh3 24. exf5 Bxf5 25. Na4 Qf6 26. Qh5 Bg6 27. Qe2 Rxc1 28. Bxc1 Qf5 29. Rb2 Bh5 30. Qf1 e4 31. Qxh3 Bg4 0-1

[Event "Chennai op 9th"]
[Site "Chennai"]
[Date "2017.01.21"]
[Round "4"]
[White "Ganesh, R."]
[Black "Mokashi, Rohit"]
[Result "1-0"]
[WhiteElo "2085"]
[BlackElo "1625"]
[PlyCount "57"]
[EventDate "2017.01.18"]
[EventType "swiss"]
[EventRounds "10"]
[EventCountry "IND"]
[SourceTitle "CBM 176 Extra"]
[Source "ChessBase"]
[SourceDate "2017.03.02"]
[SourceVersion "1"]
[SourceVersionDate "2017.03.02"]
[SourceQuality "1"]

1. d4 d5 2. Nf3 Nf6 3. c4 c6 4. cxd5 cxd5 5. Nc3 Nc6 6. Bf4 Bf5 7. e3 e6 8. Bd3 Bxd3 9. Qxd3 Be7 10. a3 0-0 11. b4 Rc8 12. 0-0 Nh5 13. Bg3 Nxg3 14. hxg3 h6 15. Na4 Bd6 16. Rac1 Qe7 17. Nc5 Nb8 18. Rc3 Rc7 19. Rfc1 Rfc8 20. Qb5 b6 21. Na4 Rxc3 22. Rxc3 Rxc3 23. Nxc3 Qc7 24. Qe8+ Bf8 25. Ne5 f6 26. Qxe6+ Kh7 27. Qf5+ Kg8 28. Ng6 Kh7 29. Ne7+ 1-0

[Event "IND-ch U19"]
[Site "Dindigul"]
[Date "2015.07.28"]
[Round "8"]
[White "Akash Pc, Iyer"]
[Black "Ganesh, R."]
[Result "1-0"]
[WhiteElo "2243"]
[BlackElo "2139"]
[PlyCount "57"]
[EventDate "2015.07.23"]
[EventType "swiss"]
[EventRounds "11"]
[EventCountry "IND"]
[SourceTitle "EXT 2016"]
[Source "ChessBase"]
[SourceDate "2015.10.08"]
[SourceVersion "1"]
[SourceVersionDate "2015.10.08"]
[SourceQuality "1"]

1. d4 Nf6 2. c4 e6 3. Nc3 d5 4. Bg5 Be7 5. e3 Nbd7 6. Qc2 dxc4 7. Bxc4 c5 8. Nf3 0-0 9. dxc5 Nxc5 10. 0-0 a6 11. Rfd1 Qc7 12. Bf4 Qb6 13. a3 Qa7 14. b4 Ncd7 15. e4 Nh5 16. Be3 Qb8 17. Rac1 b5 18. Bb3 Rd8 19. Nd4 Ne5 20. Qe2 Nf6 21. f4 Ng6 22. e5 Ne8 23. Ne4 Bb7 24. Nc5 Bxc5 25. Rxc5 Ne7 26. f5 Nxf5 27. Nxf5 Rxd1+ 28. Qxd1 exf5 29. Qd7 1-0

[Event "IND-ch U19"]
[Site "Dindigul"]
[Date "2015.07.24"]
[Round "3"]
[White "Ganesh, R."]
[Black "Sai, Vishwesh C"]
[Result "1/2-1/2"]
[WhiteElo "2139"]
[BlackElo "2318"]
[PlyCount "41"]
[EventDate "2015.07.23"]
[EventType "swiss"]
[EventRounds "11"]
[EventCountry "IND"]
[SourceTitle "EXT 2016"]
[Source "ChessBase"]
[SourceDate "2015.10.08"]
[SourceVersion "1"]
[SourceVersionDate "2015.10.08"]
[SourceQuality "1"]

1. d4 Nf6 2. c4 c5 3. d5 b5 4. cxb5 a6 5. bxa6 g6 6. Nc3 Bxa6 7. g3 d6 8. Bg2 Bg7 9. Nf3 0-0 10. 0-0 Nbd7 11. Rb1 Qa5 12. Bd2 Rfb8 13. Qc2 Bb7 14. Rfd1 Ng4 15. b3 Bxc3 16. Bxc3 Qxa2 17. Rb2 Qa6 18. e4 Ngf6 19. Nd2 Qe2 20. Bf3 Qa6 21. Bg2 1/2-1/2

[Event "Wch U20 53rd"]
[Site "Pune"]
[Date "2014.10.14"]
[Round "8"]
[White "Ganesh, R."]
[Black "Beradze, Irakli"]
[Result "0-1"]
[WhiteElo "2030"]
[BlackElo "2318"]
[PlyCount "98"]
[EventDate "2014.10.06"]
[EventType "swiss"]
[EventRounds "13"]
[EventCountry "IND"]
[SourceTitle "EXT 2015"]
[Source "ChessBase"]
[SourceDate "2014.11.20"]
[SourceVersion "1"]
[SourceVersionDate "2014.11.20"]
[SourceQuality "1"]

1. d4 Nf6 2. c4 g6 3. Nc3 Bg7 4. e4 d6 5. Nf3 0-0 6. Be2 e5 7. 0-0 exd4 8. Nxd4 Re8 9. f3 c6 10. Bg5 h6 11. Bh4 Nbd7 12. Kh1 Ne5 13. Qc2 Qc7 14. Rad1 a6 15. f4 Neg4 16. Qd3 b5 17. cxb5 axb5 18. h3 b4 19. Ncb5 cxb5 20. Nxb5 Qc5 21. hxg4 Bxg4 22. Nxd6 Qh5 23. Bxg4 Nxg4 24. Qh3 Rf8 25. Rd2 Rxa2 26. Be7 Qxh3+ 27. gxh3 Ne3 28. Rb1 Rfa8 29. e5 Ra1 30. Rg1 Bf8 31. Bxf8 Kxf8 32. Rd3 Nc2 33. Ne4 Ke7 34. Nf6 Ke6 35. Kh2 Kf5 36. Rxa1 Rxa1 37. Ng4 h5 38. Nh6+ Ke4 39. Rb3 Ra7 40. Kg3 Rb7 41. Ng8 Ne1 42. Nf6+ Kd4 43. Ne8 Nd3 44. Nd6 Rd7 45. Kh4 f6 46. Kg3 fxe5 47. fxe5 Re7 48. Rxd3+ Kxd3 49. Kf4 Kd4 0-1

[Event "Wch U20 53rd"]
[Site "Pune"]
[Date "2014.10.12"]
[Round "7"]
[White "Mithil, Ajgaonkar"]
[Black "Ganesh, R."]
[Result "0-1"]
[WhiteElo "2258"]
[BlackElo "2030"]
[PlyCount "126"]
[EventDate "2014.10.06"]
[EventType "swiss"]
[EventRounds "13"]
[EventCountry "IND"]
[SourceTitle "EXT 2015"]
[Source "ChessBase"]
[SourceDate "2014.11.20"]
[SourceVersion "1"]
[SourceVersionDate "2014.11.20"]
[SourceQuality "1"]

1. d4 d5 2. c4 c6 3. Nf3 Nf6 4. Nc3 a6 5. e3 b5 6. b3 Bg4 7. Be2 e6 8. 0-0 Nbd7 9. Qc2 Bd6 10. e4 b4 11. e5 Bxf3 12. Bxf3 Nxe5 13. dxe5 Bxe5 14. cxd5 cxd5 15. Nxd5 Nxd5 16. Qc6+ Kf8 17. Rb1 Rc8 18. Qxa6 Nc3 19. Bd2 Qc7 20. Rbe1 Bxh2+ 21. Kh1 Bd6 22. a3 Rd8 23. axb4 Bxb4 24. Bg5 Be7 25. Be3 Nd5 26. Bxd5 Rxd5 27. Kg1 Qd6 28. Qa1 f6 29. Qa8+ Qd8 30. Qa6 Kf7 31. Bf4 Qd7 32. Rc1 e5 33. Be3 Rd8 34. Bb6 Qe6 35. Rc7 R8d7 36. Qb7 Bd8 37. Qb8 Bxc7 38. Bxc7 Qc6 39. Bb6 Rb7 40. Qh8 Rxb6 41. Qxh7 Qd7 42. Qh5+ Kg8 43. Ra1 Rb8 44. Ra4 Rd1+ 45. Kh2 Rd4 46. Ra6 Qg4 47. Qxg4 Rxg4 48. Ra3 Rgb4 49. Ra7 Rxb3 50. f3 Rc8 51. Kg3 Rc2 52. Kg4 Rxg2+ 53. Kf5 Rxf3+ 54. Ke6 e4 55. Ra8+ Kh7 56. Ra4 f5 57. Kf7 Rg6 58. Ra1 Rf6+ 59. Ke7 e3 60. Rh1+ Rh6 61. Rg1 e2 62. Kf7 Rf6+ 63. Ke7 Rf1 0-1

[Event "Wch U20 53rd"]
[Site "Pune"]
[Date "2014.10.10"]
[Round "5"]
[White "Dragun, Kamil"]
[Black "Ganesh, R."]
[Result "1-0"]
[WhiteElo "2546"]
[BlackElo "2030"]
[PlyCount "77"]
[EventDate "2014.10.06"]
[EventType "swiss"]
[EventRounds "13"]
[EventCountry "IND"]
[SourceTitle "EXT 2015"]
[Source "ChessBase"]
[SourceDate "2014.11.20"]
[SourceVersion "1"]
[SourceVersionDate "2014.11.20"]
[SourceQuality "1"]

1. d4 d5 2. c4 c6 3. e3 Nf6 4. Nf3 a6 5. Bd3 g6 6. 0-0 Bg7 7. Nc3 b5 8. cxd5 cxd5 9. Ne5 Nbd7 10. Nxd7 Bxd7 11. Qb3 Bc6 12. a4 bxa4 13. Nxa4 Nd7 14. Nc3 Nb8 15. Bd2 0-0 16. Rfc1 e5 17. dxe5 d4 18. Na4 dxe3 19. Bxe3 Bxe5 20. h3 Qf6 21. Rc2 Nd7 22. Nc3 Rfb8 23. Qa2 Rc8 24. Rac1 Qd6 25. Rd1 Qb4 26. Nd5 Qf8 27. Bg5 Bd6 28. Be4 h6 29. Be3 Bb7 30. Rcd2 Bc5 31. Ne7+ Qxe7 32. Rxd7 Bxe4 33. Rxe7 Bxe7 34. Rd7 Re8 35. Bc5 Kf8 36. Qc4 Bf5 37. Rxe7 Rxe7 38. Qd4 Ke8 39. Qh8+ 1-0

[Event "IND-ch U19 44th"]
[Site "Mumbai"]
[Date "2014.07.18"]
[Round "11"]
[White "Dhulipalla, Bala Chandra Prasad"]
[Black "Ganesh, R."]
[Result "1/2-1/2"]
[WhiteElo "2264"]
[BlackElo "1979"]
[PlyCount "85"]
[EventDate "2014.07.10"]
[EventType "swiss"]
[EventRounds "11"]
[EventCountry "IND"]
[SourceTitle "EXT 2016"]
[Source "ChessBase"]
[SourceDate "2015.10.08"]
[SourceVersion "1"]
[SourceVersionDate "2015.10.08"]
[SourceQuality "1"]

1. d4 Nf6 2. Bf4 e6 3. e3 c5 4. Nf3 b6 5. Bd3 Bb7 6. 0-0 Be7 7. h3 0-0 8. Nbd2 d6 9. c3 cxd4 10. cxd4 Nbd7 11. Nc4 Qb8 12. Rc1 Be4 13. Bxe4 Nxe4 14. Qb3 Rc8 15. Rc2 Bf8 16. Rfc1 Qb7 17. Ncd2 Ndf6 18. Nxe4 Nxe4 19. Qd3 Nf6 20. a3 Be7 21. Nd2 Ne8 22. Rc3 Qd7 23. Qc2 Rxc3 24. Qxc3 Rb8 25. Qc6 Rd8 26. Kf1 Qxc6 27. Rxc6 f6 28. Ke2 e5 29. Bg3 Kf7 30. d5 f5 31. f3 Nf6 32. e4 Rd7 33. Kd3 fxe4+ 34. fxe4 Nh5 35. Bh2 Bg5 36. Nf3 Bf4 37. Bg1 h6 38. g4 Nf6 39. Bf2 Ng8 40. b4 Ne7 41. Rc2 Ke8 42. a4 Kd8 43. a5 1/2-1/2

[Event "Commonwealth-ch"]
[Site "Chennai"]
[Date "2012.11.25"]
[Round "5"]
[White "Gomes, Mary Ann"]
[Black "Ganesh, R."]
[Result "1-0"]
[WhiteElo "2384"]
[BlackElo "2035"]
[PlyCount "83"]
[EventDate "2012.11.23"]
[EventType "swiss"]
[EventRounds "11"]
[EventCountry "IND"]
[SourceTitle "CBM 151 Extra"]
[Source "ChessBase"]
[SourceDate "2012.12.18"]
[SourceVersion "1"]
[SourceVersionDate "2012.12.18"]
[SourceQuality "1"]

1. Nf3 c5 2. g3 g6 3. Bg2 Bg7 4. c4 Nc6 5. Nc3 e5 6. 0-0 Nge7 7. Ne1 d6 8. Nc2 Be6 9. Ne3 0-0 10. Ned5 Rb8 11. a3 a5 12. d3 h6 13. Bd2 f5 14. f4 Bf7 15. Rb1 exf4 16. gxf4 Nxd5 17. Nxd5 b6 18. Kh1 Ne7 19. Bc3 Nxd5 20. cxd5 b5 21. e4 b4 22. axb4 axb4 23. Bxg7 Kxg7 24. Qf3 Qf6 25. Qg3 Rbe8 26. Rfe1 Qd4 27. exf5 Kh7 28. fxg6+ Bxg6 29. f5 Bxf5 30. Qxd6 Qh4 31. Rxe8 Rxe8 32. Rf1 Bxd3 33. Qd7+ Re7 34. Rf7+ Rxf7 35. Qxf7+ Kh8 36. Qf8+ Kh7 37. Qxc5 Qe1+ 38. Qg1 Qd2 39. Qa7+ Kg6 40. Qb6+ Kg7 41. Qd4+ Kf7 42. Bf1 1-0

[Event "Commonwealth-ch"]
[Site "Chennai"]
[Date "2012.11.24"]
[Round "3"]
[White "Arun, Karthik R"]
[Black "Ganesh, R."]
[Result "1-0"]
[WhiteElo "2278"]
[BlackElo "2035"]
[PlyCount "61"]
[EventDate "2012.11.23"]
[EventType "swiss"]
[EventRounds "11"]
[EventCountry "IND"]
[SourceTitle "CBM 151 Extra"]
[Source "ChessBase"]
[SourceDate "2012.12.18"]
[SourceVersion "1"]
[SourceVersionDate "2012.12.18"]
[SourceQuality "1"]

1. e4 c5 2. Nf3 g6 3. d4 cxd4 4. Nxd4 Bg7 5. Nc3 Nc6 6. Nde2 Nf6 7. g3 0-0 8. Bg2 d6 9. 0-0 Rb8 10. h3 b5 11. Be3 b4 12. Nd5 Nd7 13. Rb1 a5 14. b3 Ba6 15. Re1 Nc5 16. Nd4 Bb7 17. Nxc6 Bxc6 18. e5 Bxd5 19. Qxd5 Rc8 20. Rbd1 Ne6 21. exd6 exd6 22. Be4 Nc5 23. Bf3 Ne6 24. Re2 Qf6 25. Bg4 a4 26. bxa4 h5 27. Bxe6 fxe6 28. Qg5 Qf3 29. Red2 Kh7 30. Rxd6 Rxc2 31. Rd7 1-0

[Event "IND-ch U11 20th"]
[Site "Chennai"]
[Date "2006.11.09"]
[Round "9"]
[White "Deepthamsh, Reddy M"]
[Black "Ganesh, R."]
[Result "0-1"]
[WhiteElo "1987"]
[BlackElo "1757"]
[PlyCount "52"]
[EventDate "2006.11.04"]
[EventType "swiss"]
[EventRounds "11"]
[EventCountry "IND"]
[SourceTitle "EXT 2010"]
[Source "ChessBase"]
[SourceDate "2010.11.25"]
[SourceVersion "1"]
[SourceVersionDate "2010.11.25"]
[SourceQuality "1"]

1. d4 d5 2. c4 e6 3. Nc3 c6 4. cxd5 exd5 5. Nf3 f5 6. Bf4 Nf6 7. e3 Bd6 8. Bxd6 Qxd6 9. Bd3 0-0 10. 0-0 Ne4 11. Qc2 Nd7 12. Rab1 Rf6 13. Ne2 Rh6 14. Ng3 Ndf6 15. b4 Nxg3 16. hxg3 Ne4 17. b5 Qg6 18. Nh4 Qf7 19. Be2 Bd7 20. bxc6 Bxc6 21. Rfc1 Re8 22. Nf3 Qh5 23. Nh4 Qg5 24. Nf3 Nxg3 25. Nh2 Nxe2+ 26. Qxe2 Qh4 0-1

[Event "World ol U16 04th"]
[Site "Calicut"]
[Date "2004.07.??"]
[Round "9"]
[White "Ganesh, R."]
[Black "Palawatta, Irusha Tennekoon"]
[Result "0-1"]
[WhiteElo "1974"]
[BlackElo "1990"]
[PlyCount "106"]
[EventDate "2004.07.01"]
[EventType "team-swiss"]
[EventRounds "9"]
[EventCountry "IND"]
[SourceTitle "EXT 2014"]
[Source "ChessBase"]
[SourceDate "2013.11.20"]
[SourceVersion "1"]
[SourceVersionDate "2013.11.20"]
[SourceQuality "1"]

1. e4 e6 2. d4 d5 3. Nc3 Bb4 4. e5 c5 5. a3 Bxc3+ 6. bxc3 Ne7 7. Nf3 Qc7 8. a4 b6 9. Bb5+ Nd7 10. 0-0 a6 11. Bd3 c4 12. Be2 h5 13. Nh4 Bb7 14. Ba3 Nf8 15. f4 Nf5 16. Nxf5 exf5 17. Bd6 Qc6 18. Bxh5 g6 19. Bf3 Ne6 20. g3 Ra7 21. Bb8 Ra8 22. Bd6 Ra7 23. Qe2 Nf8 24. a5 b5 25. Qg2 Ne6 26. Be2 Kd7 27. Rae1 Raa8 28. Bd1 Rag8 29. g4 Qc8 30. g5 Qd8 31. Bb4 Rh4 32. Qd2 Rgh8 33. Rf2 Nxf4 34. Kh1 Qxg5 35. Rg1 Qh6 36. Ba3 Nh3 37. Rgg2 Nxf2+ 38. Qxf2 Ke6 39. Qg1 Rh3 40. Bb2 Qe3 41. Qf1 Qe4 42. Kg1 Re3 43. Re2 Rg3+ 44. hxg3 Rh1+ 45. Kf2 Rxf1+ 46. Kxf1 Qh1+ 47. Kf2 Qxd1 48. Ba3 Qh1 49. Ke3 g5 50. Bb4 Qh3 51. Kf2 Qh2+ 52. Kf1 Qxg3 53. Rf2 f4 0-1